The Application of computer technology for development : Second report of the Secretary-General

Đã lưu trong:
书目详细资料
主要作者: General, Secretary
格式: 图书
语言:Undetermined
出版: New York United Nations 1973
主题:
标签: 添加标签
没有标签, 成为第一个标记此记录!
Thư viện lưu trữ: Trung tâm Học liệu Trường Đại học Cần Thơ
LEADER 00567nam a2200193Ia 4500
001 CTU_77383
008 210402s9999 xx 000 0 und d
082 |a 338.9 
082 |b G326 
100 |a General, Secretary 
245 4 |a The Application of computer technology for development : 
245 0 |b Second report of the Secretary-General 
245 0 |c Secretary General 
260 |a New York 
260 |b United Nations 
260 |c 1973 
650 |a Technology transfer 
904 |i Trọng Hải 
980 |a Trung tâm Học liệu Trường Đại học Cần Thơ